| 000 | 00955cam a22003015a 4500 | ||
|---|---|---|---|
| 001 | 013183766 | ||
| 003 | OSt | ||
| 005 | 20160314130659.0 | ||
| 008 | 050426r20092005enka frb 001 0 eng d | ||
| 020 | _a9780853696032 (pbk.) | ||
| 040 |
_aUk _beng _cUk _dEG-ScBUE |
||
| 082 | 0 | 4 |
_a615.1401513 _bREE _222 |
| 100 | 1 |
_aRees, Judith A. _930050 |
|
| 245 | 1 | 0 |
_aIntroduction to pharmaceutical calculations / _cJudith A. Rees, Ian Smith, Brian Smith. |
| 250 | _a2nd ed., Reprinted ed. | ||
| 260 |
_aLondon : _bPharmaceutical Press, _c2009. |
||
| 300 |
_axi, 226 p. : _bill. ; _c24 cm. |
||
| 500 | _aPrevious ed. : 2001. | ||
| 500 | _aReprint of the 2005 ed. | ||
| 500 | _aIndex : p. [223]-226. | ||
| 504 | _aIncludes bibliographical references. | ||
| 650 | 7 |
_aPharmaceutical arithmetic. _2BUEsh _936715 |
|
| 651 | _2BUEsh | ||
| 653 |
_bPPhrm _cMarch2016 |
||
| 700 | 1 |
_aSmith, Brian, _d-2000. |
|
| 700 | 1 |
_aSmith, Ian, _d1959 November 24- |
|
| 942 | _2ddc | ||
| 999 |
_c21401 _d21373 |
||